[Event "ESP-chT CECLUB Div2"]
[Site "Linares"]
[Date "2023.08.13"]
[Round "1.9"]
[White "Grabuzova, Tatiana"]
[Black "Garcia Garcia, Aida"]
[Result "1-0"]
[WhiteElo "2192"]
[BlackElo "1581"]
[PlyCount "93"]
[EventDate "2023.08.13"]
[EventType "team-swiss"]
[EventRounds "7"]
[EventCountry "ESP"]
[SourceTitle "EXT 2024"]
[Source "ChessBase"]
[SourceDate "2023.10.10"]
[SourceVersion "1"]
[SourceVersionDate "2023.10.10"]
[SourceQuality "1"]
[WhiteTeam "Filantropos Equigoma"]
[BlackTeam "Antonio Rico"]
[WhiteTeamCountry "ESP"]
[BlackTeamCountry "ESP"]

1. d4 d5 2. c4 e6 3. Nf3 Nf6 4. g3 b6 5. Bg2 Bb7 6. cxd5 Nxd5 7. 0-0 c5 8. Ne5 Nd7 9. Qa4 Qc7 10. e4 N5f6 11. Bf4 Bd6 12. Nc3 a6 13. Nxd7 Nxd7 14. dxc5 Qxc5 15. Bxd6 Qxd6 16. e5 Qb8 17. Rfd1 Qc8 18. Rxd7 Qxd7 19. Bxb7 Qxa4 20. Nxa4 Ra7 21. Bc6+ Kd8 22. Rd1+ Kc7 23. Rc1 Rb8 24. Bf3+ Kd8 25. Rc6 Rc7 26. Rd6+ Rd7 27. Rxb6 Rxb6 28. Nxb6 Rd2 29. Na4 Rc2 30. Kf1 Kc7 31. Be2 a5 32. Ke1 Kb7 33. Kd1 Rc8 34. b3 Kc6 35. Bc4 Rd8+ 36. Kc2 Rd4 37. f3 g5 38. Nc3 h5 39. Ne4 g4 40. Kc3 Rd1 41. fxg4 hxg4 42. Nf6 Kc5 43. Ne4+ Kc6 44. Nf2 Ra1 45. a4 Re1 46. Kd4 Kc7 47. Nxg4 1-0

[Event "ESP-ch U18"]
[Site "Salobrena"]
[Date "2021.07.26"]
[Round "1"]
[White "Garcia Garcia, Aida"]
[Black "Cuellar Montes, Alejandro"]
[Result "0-1"]
[WhiteElo "1667"]
[BlackElo "2087"]
[PlyCount "116"]
[EventDate "2021.07.26"]
[EventType "swiss"]
[EventRounds "9"]
[EventCountry "ESP"]
[SourceTitle "CBM 203 Extra"]
[Source "ChessBase"]
[SourceDate "2021.09.30"]
[SourceVersion "1"]
[SourceVersionDate "2021.09.30"]
[SourceQuality "1"]

1. d4 d5 2. c4 e6 3. Nc3 Nf6 4. Nf3 Bb4 5. Bg5 dxc4 6. e4 c5 7. Bxf6 Qxf6 8. Bxc4 Nc6 9. Bb5 0-0 10. Bxc6 bxc6 11. 0-0 cxd4 12. Qxd4 Qxd4 13. Nxd4 c5 14. Nb3 c4 15. Nd2 Rd8 16. Rfd1 Ba6 17. Nf3 Rac8 18. Rxd8+ Rxd8 19. Rd1 Rxd1+ 20. Nxd1 f6 21. Nd4 Kf7 22. Nc3 Bb7 23. Nde2 e5 24. Ng3 g6 25. Kf1 Ke6 26. f3 Bc6 27. Ke2 Bc5 28. Nf1 f5 29. Nd2 Bd4 30. Nd1 Bb5 31. Nc3 Ba6 32. Kd1 h5 33. Kc2 f4 34. Nd5 Kd6 35. a4 Be3 36. Nb4 Bxd2 37. Nxa6 Ba5 38. b4 cxb3+ 39. Kxb3 Kc6 40. Kc4 Bb6 41. Nb4+ Kd6 42. Nd5 Bg1 43. h3 Bd4 44. Kb5 Bc5 45. Nf6 Be3 46. Ne8+ Ke7 47. Nc7 Kf6 48. Ka6 Kg5 49. Nb5 Kh4 50. Nxa7 Kg3 51. Nc6 Kxg2 52. Nxe5 g5 53. Nf7 g4 54. hxg4 hxg4 55. fxg4 f3 56. e5 f2 57. Nd6 f1Q+ 58. Nb5 Qc4 0-1

[Event "ESP-chT CECLUB Div2"]
[Site "Linares"]
[Date "2020.08.27"]
[Round "5.4"]
[White "Zuazua Iglesias, Fernando"]
[Black "Garcia Garcia, Aida"]
[Result "1/2-1/2"]
[WhiteElo "1598"]
[BlackElo "1627"]
[PlyCount "61"]
[EventDate "2020.08.24"]
[EventType "team-tourn"]
[EventRounds "6"]
[EventCountry "ESP"]
[SourceTitle "CBM 198 Extra"]
[Source "ChessBase"]
[SourceDate "2020.11.30"]
[SourceVersion "1"]
[SourceVersionDate "2020.11.30"]
[SourceQuality "1"]
[WhiteTeam "Reverte Minerals"]
[BlackTeam "Antonio Rico"]
[WhiteTeamCountry "ESP"]
[BlackTeamCountry "ESP"]

1. e4 e5 2. f4 exf4 3. Nf3 Nf6 4. Nc3 Nc6 5. d4 Nh5 6. Bc4 d6 7. 0-0 g5 8. Nh4 Nf6 9. Nf3 h6 10. Re1 Bg4 11. Rf1 Bg7 12. Qd3 Qe7 13. Bd2 Nb4 14. Bxf7+ Kxf7 15. Qc4+ d5 16. exd5 Nxc2 17. Ne5+ Kg8 18. Ng6 Qe8 19. Ne5 Nxa1 20. Nb5 Qd8 21. d6+ Kh7 22. Qd3+ Kg8 23. Qc4+ Kh7 24. Qd3+ Kg8 25. Qc4+ Kh7 26. Qd3+ Kg8 27. Qc4+ Kh7 28. Qc3 Kg8 29. Qc4+ Kh7 30. Qc3 Kg8 31. Qc4+ 1/2-1/2

[Event "ESP-chT CECLUB Div2"]
[Site "Linares"]
[Date "2020.08.24"]
[Round "1.4"]
[White "Garcia Garcia, Aida"]
[Black "Prado Acebo, Ines"]
[Result "0-1"]
[WhiteElo "1627"]
[BlackElo "2158"]
[PlyCount "152"]
[EventDate "2020.08.24"]
[EventType "team-tourn"]
[EventRounds "6"]
[EventCountry "ESP"]
[SourceTitle "CBM 198 Extra"]
[Source "ChessBase"]
[SourceDate "2020.11.30"]
[SourceVersion "1"]
[SourceVersionDate "2020.11.30"]
[SourceQuality "1"]
[WhiteTeam "Antonio Rico"]
[BlackTeam "Ebano Barrio Nuevo"]
[WhiteTeamCountry "ESP"]
[BlackTeamCountry "ESP"]

1. d4 e6 2. c4 Nf6 3. Nc3 d5 4. Bg5 Be7 5. e3 Nbd7 6. c5 c6 7. Nf3 e5 8. b4 h6 9. Bh4 e4 10. Nd2 Nf8 11. Be2 Ng6 12. Bg3 h5 13. h3 Qd7 14. b5 Qf5 15. Nb3 Bd8 16. a4 Qg5 17. Rg1 h4 18. Bh2 Bd7 19. a5 0-0 20. bxc6 Bxc6 21. Na2 Ne8 22. Nb4 Bc7 23. Bxc7 Nxc7 24. a6 Ne7 25. Na5 Rab8 26. Nbxc6 bxc6 27. Rb1 f5 28. Rb7 Rxb7 29. axb7 f4 30. Kd2 fxe3+ 31. fxe3 Ne6 32. Qa4 Nf5 33. Qa3 Nfxd4 34. Bg4 Nc7 35. Qa4 Ndb5 36. Nxc6 d4 37. Re1 Qxc5 38. Qc2 dxe3+ 39. Rxe3 Qd6+ 40. Ke2 Qxc6 41. Qxc6 Nd4+ 42. Ke1 Nxc6 43. Rc3 Rb8 44. Rxc6 Rxb7 45. Bc8 Rb1+ 46. Ke2 Ne8 47. Be6+ Kf8 48. Bf5 Rb2+ 49. Ke3 Rxg2 50. Kxe4 a5 51. Ra6 Ra2 52. Ke5 Re2+ 53. Kd4 Rf2 54. Rxa5 Nd6 55. Bg4 Rd2+ 56. Kc3 Ne4+ 57. Kc4 Nf6 58. Bf5 Rd8 59. Rc5 Kf7 60. Rc7+ Kf8 61. Rc5 Ne8 62. Bg4 Ke7 63. Re5+ Kf6 64. Re6+ Kg5 65. Re5+ Kf6 66. Re6+ Kf7 67. Re3 Nf6 68. Be6+ Kg6 69. Re2 Kh6 70. Bf5 g6 71. Bd3 Rd6 72. Rb2 Nd5 73. Bc2 g5 74. Rb5 Rd8 75. Bf5 Nf4 76. Rb2 Rd5 0-1

[Event "Pontevedra op-B 6th"]
[Site "Pontevedra"]
[Date "2018.08.13"]
[Round "8"]
[White "Moreira Novo, Brais"]
[Black "Garcia Garcia, Aida"]
[Result "0-1"]
[WhiteElo "1155"]
[BlackElo "1365"]
[PlyCount "132"]
[EventDate "2018.08.08"]
[EventType "swiss"]
[EventRounds "9"]
[EventCountry "ESP"]
[SourceTitle "CBM 186 Extra"]
[Source "ChessBase"]
[SourceDate "2018.08.24"]
[SourceVersion "1"]
[SourceVersionDate "2018.08.24"]
[SourceQuality "1"]

1. e4 e5 2. Nf3 Nc6 3. d4 exd4 4. Nxd4 Qh4 5. Nc3 Bb4 6. Be3 Bxc3+ 7. bxc3 Qxe4 8. Nxc6 Qxc6 9. Qd4 Nf6 10. Qe5+ Qe6 11. Qxe6+ dxe6 12. Bd4 Bd7 13. Bd3 a6 14. 0-0 0-0-0 15. Rab1 Bc6 16. f3 h6 17. Be4 Bd5 18. Rf2 Rhg8 19. Be5 Rd7 20. Bd3 Bxa2 21. Rb2 Bd5 22. Rf1 Rdd8 23. Rfb1 Nd7 24. Bd4 c5 25. Bf2 c4 26. Be4 b5 27. Ra2 Kb7 28. Raa1 Nf6 29. Bxd5+ Nxd5 30. Bd4 f6 31. Ra3 e5 32. Bf2 Rge8 33. Rba1 Nc7 34. Be3 Re6 35. Kf2 g5 36. h3 f5 37. Ke2 f4 38. Bf2 e4 39. fxe4 Rxe4+ 40. Kf1 Rd2 41. Re1 Rxe1+ 42. Kxe1 Rxc2 43. Kf1 Nd5 44. Bd4 Ne3+ 45. Bxe3 fxe3 46. g4 Kb6 47. Ke1 a5 48. Kd1 e2+ 49. Ke1 Rb2 50. Ra1 a4 51. Ra3 Ka5 52. Ra1 b4 53. cxb4+ Kxb4 54. Rc1 a3 55. Ra1 a2 56. Rc1 Rb1 57. Rxb1+ axb1Q+ 58. Kxe2 Kc3 59. Ke3 Qd3+ 60. Kf2 Qe4 61. Kg3 Qf4+ 62. Kg2 Kd2 63. h4 Ke2 64. h5 Qxg4+ 65. Kh2 Kf2 66. Kh1 Qg2# 0-1